000 00376nam a2200169Ia 4500
001 8439
003 IN-NITTTR
005 20251114233038.0
008 251113s9999||||xx |||||||||||||| ||eng||
040 _beng
040 _cIN-NITTTR
041 _aeng
082 _a531 F887N
100 _aFrench, A. P.
245 0 _aNewtonian mechanics /
_cFrench, A. P.
942 _2ddc
_cBK
999 _c11077
_d11077